000 00830cab a2200253 4500
001 WB3335-11
008 090401t1997 xxu||||| |||| 00| 0 eng d
035 _a(Sirsi) u80780
041 _aeng
245 _aLargest property deal ever
260 _c1997
350 _a0
490 _aPFI Intelligence Bulletin
_v2(7) August 1997, 1(1)
520 _aThe Department of Social Security has chosen Partnership Property Management (PPM) to manage its 1.7m sq m estate. The project called PRIME is the biggest property deal ever in British history.
650 _aDEPARTMENT OF SOCIAL SECURITY
650 _aDSS PRIME
650 _aGOVERNMENT BUILDINGS
650 _aPARTNERSHIP PROPERTY MANAGEMENT
650 _aPPM
650 _aPRIME
690 _aCOMMERCIAL PROPERTY-MANAGEMENT
942 _n0
948 _c10/09/1997
999 _c50869
_d50869